The last word on Part L (Record no. 67064)

MARC details
000 -LEADER
fixed length control field 01263cam a2200253 4500
001 - CONTROL NUMBER
control field ABS63947
008 - FIXED-LENGTH DATA ELEMENTS--GENERAL INFORMATION
fixed length control field 000000n2001 000 0 eng u
035 ## - SYSTEM CONTROL NUMBER
System control number (Sirsi) u112671
100 ## - MAIN ENTRY--PERSONAL NAME
Personal name Ross, T
245 #4 - TITLE STATEMENT
Title The last word on Part L
260 ## - PUBLICATION, DISTRIBUTION, ETC.
Date of publication, distribution, etc. 2001
490 ## - SERIES STATEMENT
Series statement Building
Volume/sequential designation 266(8184) 11 May 2001, 52-53(2)
520 ## - SUMMARY, ETC.
Summary, etc. Looks at the new version of Part L of the Building Regulations, "Conservation of fuel and power", which intends to reduce carbon dioxide emissions from buildings. The document has been published as an interim draft to enable amendments from changes to Part E of the Building Regulations and to allow designers and builders to prepare for its implementation. Outlines the key changes in Part L which include a new insulation value of 0.35, air-tight standards for buildings, and refinements to heating system efficiency. The final version of Part L will comprise two editions; L1 for dwellings and L2 for other building types.
590 ## - LOCAL NOTE (RLIN)
Local note ABS
650 ## - SUBJECT ADDED ENTRY--TOPICAL TERM
Topical term or geographic name entry element ENERGY EFFICIENCY
650 ## - SUBJECT ADDED ENTRY--TOPICAL TERM
Topical term or geographic name entry element AIR-TIGHT
650 ## - SUBJECT ADDED ENTRY--TOPICAL TERM
Topical term or geographic name entry element HEATING
650 ## - SUBJECT ADDED ENTRY--TOPICAL TERM
Topical term or geographic name entry element U-VALUES
650 ## - SUBJECT ADDED ENTRY--TOPICAL TERM
Topical term or geographic name entry element CARBON DIOXIDE EMISSIONS
650 ## - SUBJECT ADDED ENTRY--TOPICAL TERM
Topical term or geographic name entry element PART L
650 ## - SUBJECT ADDED ENTRY--TOPICAL TERM
Topical term or geographic name entry element BUILDING REGULATIONS
9 (RLIN) 6224
690 ## - LOCAL SUBJECT ADDED ENTRY--TOPICAL TERM (OCLC, RLIN)
Topical term or geographic name as entry element BUILDING AND CONSTRUCTION-ENERGY MANAGEMENT
942 ## - ADDED ENTRY ELEMENTS (KOHA)
Suppress in OPAC 0
Holdings
Withdrawn status Lost status Source of classification or shelving scheme Damaged status Not for loan Home library Current library Shelving location Date acquired Total Checkouts Full call number Barcode Date last seen Copy number Price effective from Koha item type
    Dewey Decimal Classification     London London Journal article 21/05/2001   ABS63947 112671-1001 06/08/2019 1 06/08/2019 Journal article